|
|
|
|
| LEADER |
00914nam a2200241 a 4500 |
| 001 |
30741 |
| 008 |
100106s1989 enk b 001 0 eng d |
| 010 |
|
|
|a 90116024
|
| 020 |
|
|
|a 1853830577
|
| 040 |
|
|
|a DLC
|c DLC
|
| 082 |
0 |
4 |
|a 305.4
|2 20
|
| 245 |
0 |
0 |
|a Reconstructing Babylon :
|b essays on women and technology /
|c edited by H. Patricia Hynes.
|
| 260 |
|
|
|a London :
|b Earthscan Publications,
|c 1989.
|
| 300 |
|
|
|a 239 p. ;
|c 22 cm.
|
| 500 |
|
|
|a GB89-2044
|
| 504 |
|
|
|a Includes bibliographical references and index.
|
| 541 |
1 |
|
|e 00004181
|
| 650 |
|
0 |
|a Women
|x Social conditions
|
| 650 |
|
0 |
|a Technological innovations
|x Social aspects
|
| 700 |
|
|
|a Hynes, H. Patricia.
|
| 852 |
4 |
|
|a Ayesha Abed Library
|j General shelf
|
| 999 |
|
|
|c 6767
|d 6767
|
| 952 |
|
|
|0 0
|1 0
|2 ddc
|4 0
|6 305_400000000000000_REC_1989
|7 0
|9 6953
|a BRACUL
|b BRACUL
|c GEN
|d 2010-01-07
|g 0.00
|l 0
|o 305.4 REC
|p 3010004181
|r 2010-01-07
|t 1
|w 2010-01-07
|y BK
|z Not price in Register
|